000 00485nam a22001697a 4500
003 OSt
005 20260504023007.0
008 260504b |||||||| |||| 00| 0 eng d
040 _aDWCL-Main lib
_cOC
082 _aFic. Ir8
100 _aIrving,Washington
245 _aRip van winkle and other stories /
_cWashington Irving
260 _aGarden City, New York :
_bJunior Deluxe Edition,
_cc1819.
300 _a285 p. ;
_c21 cm.
650 _a1. Fiction
942 _2ddc
_cFIC.
_mFic.
_n0
999 _c10192
_d10192